000 00953nam a2200253Ia 4500
003 OSt
005 20220923222323.0
006 a|||||r|||| 00| 0
007 ta
008 220922b |||||||| |||| 00| 0 guj d
024 _a204,464
037 _cTextual
040 _aARTS
_cARTS
_bguj
041 _2guj
_aguj
082 _aO156,3N12,AU, 152N1
100 _aपटेल, पन्नालाल; वर्मा, प्रताप कुमार, अनु.
_9166739
245 0 _aअमावस्या की उजली रात
246 _aAmāvasyā kī ujalī rāta
260 _aनई दिल्ली
_b किताबघर
_c1991
300 _a192पृ0
_ccm.
650 _aगुजराती साहित्य
942 _hO156,3N12,AU, 152N1
_cTEXL
_2CC
999 _c355213
_d355213